The blackbird with maimed tongue (Record no. 44228)

MARC details
000 -LEADER
fixed length control field 00751nam a2200265 i 4500
001 - CONTROL NUMBER
control field C2-0141607
003 - CONTROL NUMBER IDENTIFIER
control field PPAK
005 - DATE AND TIME OF LATEST TRANSACTION
control field 20180727125315.0
008 - FIXED-LENGTH DATA ELEMENTS--GENERAL INFORMATION
fixed length control field 980104s1995 my a|||| ||||| | eng d
020 ## - INTERNATIONAL STANDARD BOOK NUMBER
International Standard Book Number 9830410080
040 ## - CATALOGING SOURCE
Original cataloging agency PPAK
Language of cataloging eng
Transcribing agency PPAK
Description conventions rda
082 04 - DEWEY DECIMAL CLASSIFICATION NUMBER
Classification number 398.21
Edition number 23
090 00 - LOCALLY ASSIGNED LC-TYPE CALL NUMBER (OCLC); LOCAL CALL NUMBER (RLIN)
Classification number (OCLC) (R) ; Classification number, CALL (RLIN) (NR) 398.21
Feature heading ERS
Feature heading K
100 0# - MAIN ENTRY--PERSONAL NAME
Personal name Ershad,
Relator term author
245 14 - TITLE STATEMENT
Title The blackbird with maimed tongue
264 #1 - PRODUCTION, PUBLICATION, DISTRIBUTION, MANUFACTURE, AND COPYRIGHT NOTICE
Place of production, publication, distribution, manufacture Kuala Lumpur :
Name of producer, publisher, distributor, manufacturer Hasrat Pelajar ,
Date of production, publication, distribution, manufacture, or copyright notice 1995
300 ## - PHYSICAL DESCRIPTION
Extent 24 pages :
Other physical details illustrations ;
Dimensions 22 cm
336 ## - CONTENT TYPE
Source rdacontent
Content type term text
337 ## - MEDIA TYPE
Source rdamedia
Media type term unmediated
338 ## - CARRIER TYPE
Source rdacarrier
Carrier type term volume
490 1# - SERIES STATEMENT
Series statement World best selected fairy tales
650 10 - SUBJECT ADDED ENTRY--TOPICAL TERM
Topical term or geographic name entry element Fairy tales, English
830 #0 - SERIES ADDED ENTRY--UNIFORM TITLE
Uniform title World best selected fairy tales
942 ## - ADDED ENTRY ELEMENTS (KOHA)
-- dc
Koha item type Book
Holdings
Withdrawn Not for loan Current library Shelving location Date acquired Full call number Barcode Date last seen Koha item type Total Checkouts Date last checked out
    Perpustakaan Alor Setar Pinjaman Kanak-kanak 04/01/1998 K 398.21 ERS A00096474 08/05/2018 Book    
    Perpustakaan Alor Setar Pinjaman Kanak-kanak 04/01/1998 K 398.21 ERS A00096475 25/08/2018 Book 1 18/08/2018
    Perpustakaan Awam Sungai Petani Pinjaman Kanak-kanak 04/01/1998 K 398.21 ERS A00096477 08/05/2018 Book    
    Perpustakaan Jitra Pinjaman Kanak-kanak 04/01/1998 K 398.21 ERS A00096479 06/03/2023 Book 1 27/02/2023
    Perpustakaan Merbok Pinjaman Kanak-kanak 04/01/1998 K 398.21 ERS A00096483 08/05/2018 Book